Traffic pollution

Bibliographic Details
Main Author: Bright, Margaret
Other Authors: Bishop, Simon (illustrated)
Format: Book
Published: London : Gloucester Press , 1991
Series:World about us
Subjects:

MARC

LEADER 00000cam a2200000 7i4500
001 0000001263
002 000001392
005 20000330.0
020 |a 0749606843 
090 0 0 |a J 030   |b WOR 
100 1 |a Bright, Margaret 
245 1 0 |a Traffic pollution   |c Margaret Bright ; illustrated by Simon Bishop 
260 |a London :   |b Gloucester Press ,   |c 1991 
300 |a 32p. :   |b ill. ;   |c 22cm. 
490 0 |a World about us 
650 0 0 |a Traffic pollution   |x Juvenile literature 
700 1 |a Bishop, Simon ,   |e illustrated 
999 |a 031006   |b BUKU   |c RUJUKAN   |e PERPUSTAKAAN KOMUNITI CAW KOTA DAMANSARA